| 000 | 00679nam a2200229Ia 4500 | ||
|---|---|---|---|
| 003 | OSt | ||
| 005 | 20220925230242.0 | ||
| 006 | a|||||r|||| 00| 0 | ||
| 007 | ta | ||
| 008 | 220923b |||||||| |||| 00| 0 eng d | ||
| 037 | _cGeneral Book | ||
| 040 |
_aRTL _cRTL _beng |
||
| 041 |
_2eng _aeng |
||
| 082 | _aX723.2.N5, K9;2/TD | ||
| 100 | _aFrykenberg Robert Eric | ||
| 245 | 0 | _aLand control and social structure in Indian history | |
| 260 |
_aLondon _bUniversity of Wisconsin Press UK _c1969 |
||
| 300 |
_axxi, 256p. _ccm. |
||
| 650 | _aLand Taxation | ||
| 942 |
_hX723.2.N5, K9;2/TD _cGB _2CC |
||
| 999 |
_c585028 _d585028 |
||